| 000 | 00425nam a2200193Ia 4500 | ||
|---|---|---|---|
| 001 | 13535 | ||
| 003 | GE_BSU | ||
| 008 | 181216s||||||||xx |||||||||||||| ||und|| | ||
| 040 | _cGE_BSU | ||
| 080 | _a94(410) | ||
| 100 | _aLunt,W.E. | ||
| 245 | _aHistory of England | ||
| 260 | _aNew York | ||
| 260 | _bHarper & Brothers Publishers | ||
| 260 | _c1928 | ||
| 300 | _a900p.22cm. | ||
| 653 | _aHistory of England | ||
| 942 | _cBK | ||
| 999 |
_c46694 _d46694 |
||